MCU TV Shows by Runtimes & Episodes - Statistics

General Stats
  • This quiz has been taken 13 times
  • The average score is 9 of 15
Answer Stats
Minutes Episodes Series % Correct
598 12 Loki
100%
810 26 What If...?
92%
298 6 Moon Knight
67%
348 9 WandaVision
67%
435 9 Daredevil: Born Again
58%
119 4 Eyes of Wakanda
58%
285 6 Ms. Marvel
58%
268 6 Secret Invasion
58%
316 6 The Falcon and the Winter Soldier
58%
375 9 Agatha All Along
50%
208 5 Echo
50%
288 6 Hawkeye
50%
306 9 She-Hulk: Attorney at Law
50%
289 6 Ironheart
42%
275 10 Your Friendly Neighborhood Spider-Man
42%
No matching quizzes found
Score Distribution
Percent of People with Each Score
Percentile by Number Answered
Your Score History
You have not taken this quiz